000 01031cam a2200217 4500
001 X127189
008 040827n2004 000 0 eng u
035 _a(Sirsi) u127189
100 _aYoung, E.
245 _aSunny side up
260 _c2004
490 _aRIBA Journal
_v111(8) August 2004, 40-44(4)
520 _aLooks at the use of photovoltaics on housing developments. Photovoltaics are used to power heating systems from sunlight and have been used on a private housing development in Belfast, despite their reputation for being expensive. Argues that good advance planning can make this form of sustainable development affordable. Suggests new schemes could include the capacity to incorporate such technology in the future when it becomes more affordable.
650 _aSUSTAINABLE BUILDINGS
650 _aSOLAR PANELS
650 _aPHOTOVOLTAICS
650 _aRESIDENTIAL DEVELOPMENT
650 _aSOLAR POWER
690 _aENVIRONMENTAL AND LAND CONSULTANCY-ENERGY-ENERGY USE-ENERGY EFFICIENCY
942 _n0
999 _c74513
_d74513